[Event "Moscow op-E"]
[Site "Moscow"]
[Date "2011.02.03"]
[Round "6.95"]
[White "Khachatryan, Vahagn"]
[Black "Mayorov, Vasili"]
[Result "1/2-1/2"]
[WhiteElo "2278"]
[BlackElo "2084"]
[PlyCount "90"]
[EventDate "2011.01.29"]
[EventType "swiss"]
[EventRounds "9"]
[EventCountry "RUS"]
[SourceTitle "EXT 2022"]
[Source "ChessBase"]
[SourceDate "2021.10.06"]
[SourceVersion "1"]
[SourceVersionDate "2021.10.06"]
[SourceQuality "1"]

1. Nf3 Nf6 2. d4 e6 3. c4 Bb4+ 4. Bd2 Qe7 5. g3 Nc6 6. Bg2 0-0 7. 0-0 Bxd2 8. Qxd2 d6 9. Nc3 e5 10. dxe5 dxe5 11. Nd5 Nxd5 12. cxd5 Rd8 13. e4 Bg4 14. Qc3 Bxf3 15. dxc6 Bxg2 16. cxb7 Rab8 17. Kxg2 Rxb7 18. Rfd1 Rd6 19. Rxd6 Qxd6 20. Rc1 h6 21. b3 g6 22. Rc2 Rb4 23. Qxc7 Qd3 24. Qc6 Rxe4 25. Qe8+ Kg7 26. Rc8 Kf6 27. Qh8+ Kg5 28. h4+ Kg4 29. Qf6 Rf4 30. Qc6 Re4 31. Qf6 Rf4 32. Qc6 Re4 33. Qc3 Qxc3 34. Rxc3 Re2 35. Rc4+ e4 36. a4 f5 37. b4 g5 38. hxg5 hxg5 39. b5 f4 40. Rxe4 Rxe4 41. f3+ Kf5 42. fxe4+ Kxe4 43. a5 Kd5 44. b6 axb6 45. axb6 Kc6 1/2-1/2

[Event "Moscow op-E"]
[Site "Moscow"]
[Date "2011.01.31"]
[Round "3.79"]
[White "Mayorov, Vasili"]
[Black "Novichkov, Valery"]
[Result "1/2-1/2"]
[WhiteElo "2084"]
[BlackElo "2372"]
[PlyCount "42"]
[EventDate "2011.01.29"]
[EventType "swiss"]
[EventRounds "9"]
[EventCountry "RUS"]
[SourceTitle "EXT 2022"]
[Source "ChessBase"]
[SourceDate "2021.10.06"]
[SourceVersion "1"]
[SourceVersionDate "2021.10.06"]
[SourceQuality "1"]

1. c4 e5 2. Nc3 Nf6 3. Nf3 Nc6 4. d3 Bb4 5. Bd2 0-0 6. g3 Re8 7. Bg2 Bxc3 8. Bxc3 e4 9. dxe4 Nxe4 10. Rc1 Qe7 11. 0-0 d6 12. Re1 Bd7 13. Nd4 a6 14. Nxc6 Bxc6 15. Qd4 Qg5 16. f3 Nxc3 17. Rxc3 Qa5 18. a3 Qc5 19. Qxc5 dxc5 20. Rd3 Rad8 21. Kf2 Rxd3 1/2-1/2

[Event "Moscow op-B"]
[Site "Moscow"]
[Date "2009.02.05"]
[Round "6"]
[White "Shuvalov, Evgenij"]
[Black "Mayorov, Vasili"]
[Result "1-0"]
[WhiteElo "2213"]
[BlackElo "2074"]
[PlyCount "95"]
[EventDate "2009.01.31"]
[EventType "swiss"]
[EventRounds "9"]
[EventCountry "RUS"]
[SourceTitle "EXT 2012"]
[Source "ChessBase"]
[SourceDate "2011.11.24"]
[SourceVersion "1"]
[SourceVersionDate "2011.11.24"]
[SourceQuality "1"]

1. Nf3 Nf6 2. c4 c5 3. Nc3 d5 4. cxd5 Nxd5 5. d4 cxd4 6. Qxd4 Nxc3 7. Qxc3 Nc6 8. e4 e6 9. Bb5 Bd7 10. 0-0 Qb6 11. Be2 Qc5 12. Bd2 Qxc3 13. Bxc3 f6 14. e5 f5 15. a3 Bc5 16. b4 Bb6 17. b5 Ne7 18. Bb4 Nd5 19. Bd2 Rc8 20. Rfc1 0-0 21. Bc4 Rc5 22. a4 Rfc8 23. Bb3 Nc3 24. Bxc3 Rxc3 25. Rxc3 Rxc3 26. Rb1 h6 27. Kf1 Kf7 28. Nd2 Rc5 29. Nc4 Bc7 30. f4 g5 31. g3 Ke7 32. Rd1 b6 33. Kf2 Bc8 34. Rd3 a6 35. Nd6 Bxd6 36. exd6+ Kd7 37. bxa6 Ra5 38. Bc4 Bxa6 39. Bxe6+ Kd8 40. Rb3 Bc8 41. d7 Bxd7 42. Rd3 Ra7 43. Bxf5 gxf4 44. gxf4 Rxa4 45. Rxd7+ Ke8 46. Kg3 Ra5 47. Be6 Ra3+ 48. Kg4 1-0